000 01069nam a2200289Ia 4500
001 Para_9188
003 CHAP
005 20220815131204.0
008 220125s2006 xx 000 0 und d
010 _a207906
040 _cCHAP
090 _aPA TESIS 1995
100 _aGarcía López, Fermín
_946213
245 _aControl químico de mosquita blanca Trialeurodes vaporariorum Westwood (Homóptera :
_b Aleyrodidae) en el cultivo de jitomate Lycopersicon esculentum Mill, en la Independencia, Chiapas /
_c por Fermín García López
260 _aChapingo, Méx. :
_b el autor
300 _a66 h.
502 _aTesis (Ing. Agr. Esp. en Parasitología Agrícola) -- UACh. Departamento Parasitología Agrícola
650 _aTomate
_x plagas
_9113748
650 _aTrialeurodes vaporariorum
_9114900
710 _aUACh. Departamento Parasitología Agrícola
_9164025
901 _aTESIS 1995
902 _aM
905 _a0000002006 an 0000000000 00
910 _a2006
942 _cPARA
_2local
942 _cPARA
_2local
999 _c207906
_d207906